PSG - Ventes transferts les plus élevées - Statistiques

Statistiques générales
  • Ce quiz a été pris 53 fois
  • Le résultat moyen est 23 sur 50
Statistiques - réponses
Saison Nationalité Montant Club suivant Réponse % Correct
23/24 Brésil 90 M€ Al-Hilal Neymar
100%
24/25 Pays Bas 50 M€ RB Leipzig Xavi Simons
93%
03/04 Brésil 32 M€ FC Barcelone Ronaldinho
89%
16/17 Brésil 35 M€ Chelsea David Luiz
87%
17/18 Brésil 28 M€ Tottenham Lucas Moura
84%
24/25 Uruguay 50 M€ Manchester United Manuel Ugarte
84%
23/24 Italie 45M € Al-Arabi SC Marco Verratti
84%
17/18 Côte d'Ivoire 25 M€ Tottenham Serge Aurier
82%
25/26 Italie 30 M€ Manchester City Gianluigi Donnarumma
78%
18/19 Portugal 40 M€ Valence CF Gonçalo Guedes
78%
17/18 France 25 M€ Juventus Blaise Matuidi
73%
24/25 France 31 M€ Eintracht Frankfort Hugo Ekitiké
73%
18/19 Espagne 24 M€ Athletic Bilbao Yuri Berchiche
69%
19/20 France 19 M€ RB Leipzig Christopher Nkunku
67%
19/20 Argentine 22 M€ Betis Séville Giovani Lo Celso
64%
18/19 Argentine 24 M€ AS Rome Javier Pastore
64%
23/24 Sénégal 15 M€ Al-Arabi SC Abdou Diallo
56%
19/20 USA 10 M€ Lille Timothy Weah
56%
22/23 France 20 M€ Rennes Arnaud Kalimuendo
53%
13/14 France 19 M€ Liverpool Mamadou Sakho
53%
23/24 Pays Bas 8 M€ Al-Ettifaq Georginio Wijnaldum
51%
23/24 Allemagne 9 M€ Al-Ahli SC Julian Draxler
51%
16/17 France 16 M€ FC Barcelone Lucas Digne
51%
22/23 Allemagne 12 M€ West Ham Thilo Kehrer
49%
25/26 France 12 M€ Sunderland Nordi Mukiele
47%
23/24 Argentine 10 M€ Galatasaray Mauro Icardi
44%
19/20 France 15 M€ Bayer Leverkusen Moussa Diaby
44%
01/02 France 15 M€ Manchester City Nicolas Anelka
44%
22/23 France 9 M€ West Ham Alphonse Areola
42%
19/20 Pologne 12 M€ Lokomotiv Moscou Grzegorz Krychowiak
42%
25/26 Espagne 7 M€ Fenerbahçe Marco Asensio
42%
21/22 Pays Bas 7 M€ Bayer Leverkusen Mitchel Bakker
40%
15/16 France 13 M€ Crystal Palace Yohan Cabaye
36%
17/18 France 16 M€ RB Leipzig Jean-Kévin Augustin
31%
23/24 France 15 M€ RB Leipzig El Chadaille Bitshiabu
27%
19/20 Allemagne 7 M€ Eintracht Frankfort Kevin Trapp
27%
16/17 France 8 M€ Schalke 04 Benjamin Stambouli
22%
18/19 France 10 M€ Celtic Glasgow Odsonne Édouard
20%
19/20 France 12 M€ Nice Stanley Nsoki
20%
10/11 Bénin 7 M€ Sunderland Stéphane Sessègnon
20%
04/05 Argentine 10 M€ Manchester United Gabriel Heinze
18%
13/14 France 7 M€ FC Séville Kévin Gameiro
16%
97/98 Brésil 8 M€ Milan AC Leonardo
13%
08/09 Uruguay 7 M€ FC Porto Cristian Rodríguez
11%
01/02 France 14 M€ Newcastle Laurent Robert
11%
19/20 France 10 M€ AS Monaco Arthur Zagré
7%
01/02 Brésil 12 M€ Bordeaux Christian
4%
00/01 France 7 M€ Inter Milan Stéphane Dalmat
4%
08/09 Côte d'Ivoire 8 M€ Al-Rayyan Amara Diané
2%
02/03 France 9 M€ Celta Vigo Peter Luccin
2%
Aucun quiz correspondant
Distribution des résultats
% des personnes avec chaque résultat
Percentile par nombre de réponses
Votre historique - résultats
Vous n’avez pas pris ce quiz